|
|
|
|
| LEADER |
00000nab a2200000 a 4500 |
| 001 |
vtls010602173 |
| 003 |
SK-MaSNL |
| 005 |
20260305002340.0 |
| 008 |
140610c2014 xo br p 000 a0slo |
| 015 |
|
|
|a SNBRB2014/06
|
| 038 |
|
|
|a SVKPOCL
|
| 040 |
|
|
|a SVKPOCL
|b slo
|c SVKPOCL
|e AACR2
|
| 041 |
0 |
|
|a slo
|
| 044 |
|
|
|a xo
|c SK
|
| 080 |
|
|
|a 80(=16)+908(4)
|2 2001
|
| 080 |
|
|
|a 81'1
|2 2001
|
| 080 |
|
|
|a 811.162.4
|2 2001
|
| 080 |
|
|
|a (048.8)
|2 2001
|
| 100 |
1 |
|
|a Kačala, Ján,
|d 1937-
|4 aut
|9 89383
|
| 245 |
1 |
0 |
|a Dvojčlenný spájací výraz keď - tak
|c Ján Kačala
|
| 500 |
|
|
|a Časopis vychádza aj online na stránke http://www.juls.savba.sk/ediela/ks/
|
| 504 |
|
|
|a Bibliogr. odkazy
|
| 650 |
0 |
7 |
|a lingvistika
|2 svkpocl
|9 860
|
| 650 |
0 |
7 |
|a slovenčina
|2 svkpocl
|9 1350
|
| 650 |
0 |
7 |
|a spájacie výrazy
|2 svkpocl
|9 1219303
|
| 650 |
0 |
7 |
|a slavistika
|2 svkpocl
|9 4282
|
| 655 |
|
7 |
|a štúdie
|2 svkpocl
|9 57033
|
| 655 |
|
7 |
|a články z novín a časopisov
|2 svkpocl
|9 267496
|
| 773 |
0 |
|
|t Kultúra slova
|g Roč. 48, č. 2 (2014), s. 69-74
|x 0023-5202
|
| 852 |
|
|
|a SVKPO
|b KIS3GCP
|
| 856 |
4 |
1 |
|a http://www.juls.savba.sk/ediela/ks/
|
| 856 |
4 |
1 |
|a http://www.juls.savba.sk/ediela/ks/2014/2/ks2014-2.pdf
|
| 958 |
|
|
|a SK
|
| 958 |
|
|
|a SS
|
| 958 |
|
|
|a NB
|
| 999 |
|
|
|c 3225113
|d 3227043
|